[Event "I Festival Capo d'Orso"]
[Site "Portomannu - Palau ITA"]
[Date "2007.05.23"]
[Round "5"]
[White "Rombaldoni, Axel"]
[Black "Raimondi, Davide"]
[Result "1-0"]
[WhiteElo "2221"]
[BlackElo "1675"]
[PlyCount "59"]
[EventDate "2007.05.19"]

1. e4 e5 2. Nf3 Nc6 3. Bb5 Nf6 4. d3 Be7 5. O-O d6 6. c3 a6 7. Ba4 b5 8. Bc2
O-O 9. a4 Bg4 10. h3 Bh5 11. Re1 Re8 12. Nbd2 h6 13. Nf1 Qd7 14. Ng3 Bg6 15. d4
Bf8 16. axb5 axb5 17. Rxa8 Rxa8 18. dxe5 dxe5 19. Bd3 Rb8 20. Qe2 Qe6 21. Bxb5
Na5 22. b4 c6 23. Bd3 Nb7 24. Bc4 Qe8 25. Nh4 Kh7 26. Ngf5 Nd6 27. Nxd6 Bxd6
28. Nxg6 Kxg6 29. Qf3 Qe7 30. Qf5# 1-0

[Event "I Festival Capo d'Orso"]
[Site "Portomannu - Palau ITA"]
[Date "2007.05.23"]
[Round "5"]
[White "Russo, Carmelo"]
[Black "Bruno, Fabio"]
[Result "0-1"]
[WhiteElo "1665"]
[BlackElo "2428"]
[PlyCount "69"]
[EventDate "2007.05.19"]

1. d4 d5 2. Nf3 c6 3. b3 Bf5 4. g3 Nd7 5. Bb2 e6 6. Bg2 Bd6 7. O-O Qb8 8. c4
Ngf6 9. Nbd2 h6 10. c5 Bc7 11. Nh4 Bh7 12. Nhf3 O-O 13. b4 b5 14. a4 a5 15. Bc3
axb4 16. Bxb4 bxa4 17. Rxa4 Qb5 18. Rxa8 Rxa8 19. Bc3 Ra3 20. Qc1 Ra2 21. Re1
Bc2 22. Bf1 Qa4 23. e3 Bd8 24. Ne5 Nxe5 25. dxe5 Nd7 26. Bd4 Ba5 27. f3 Bb4 28.
Re2 Nxc5 29. Rf2 Ba3 30. Qe1 Qb4 31. Bxc5 Qxc5 32. f4 Bb4 33. Qe2 Bg6 34. Qe1
Rxd2 35. Rxd2 0-1

[Event "I Festival Capo d'Orso"]
[Site "Portomannu - Palau ITA"]
[Date "2007.05.23"]
[Round "5"]
[White "Seger, Ruediger"]
[Black "Milanesi, Erminio"]
[Result "1-0"]
[WhiteElo "2399"]
[BlackElo "1857"]
[PlyCount "61"]
[EventDate "2007.05.19"]

1. e4 g6 2. d4 Nh6 3. Nf3 f6 4. Bc4 e6 5. e5 Nf7 6. h4 Bg7 7. exf6 Bxf6 8. Nc3
d5 9. Bb3 Nc6 10. Ba4 Bd7 11. Bxc6 Bxc6 12. Bf4 Qd7 13. Qe2 O-O-O 14. O-O-O
Rde8 15. g3 Rhg8 16. Qe3 h5 17. Rhe1 Qd8 18. Ne2 Bd7 19. Ne5 Qe7 20. Ng1 Bxe5
21. Bxe5 Nxe5 22. Qxe5 Qd6 23. Nh3 Rgf8 24. Nf4 Qxe5 25. Rxe5 Rf6 26. Rg5 Rg8
27. Nxh5 Rxf2 28. Nf4 Kd8 29. Re1 Ke7 30. Nxd5+ Kd6 31. Nf4 1-0

[Event "I Festival Capo d'Orso"]
[Site "Portomannu - Palau ITA"]
[Date "2007.05.23"]
[Round "5"]
[White "Shytaj, Luca"]
[Black "De Cristofano, Fabrizio"]
[Result "1-0"]
[WhiteElo "2451"]
[BlackElo "1712"]
[PlyCount "45"]
[EventDate "2007.05.19"]

1. e4 e6 2. d4 d5 3. Nc3 Bb4 4. Qd3 Bd7 5. Bd2 Ne7 6. O-O-O c5 7. dxc5 Qa5 8.
exd5 Qxc5 9. dxe6 Bxe6 10. Ne4 Bxd2+ 11. Rxd2 Qd5 12. Nd6+ Kf8 13. Qa3 Qg5 14.
Nf3 Qh4 15. g3 Qh6 16. Bc4 Bxc4 17. Nf5 Qxd2+ 18. Nxd2 Nbc6 19. Nxc4 g6 20.
Nxe7 Nxe7 21. Re1 Re8 22. Nd6 Rd8 23. Nxf7 1-0

[Event "I Festival Capo d'Orso"]
[Site "Portomannu - Palau ITA"]
[Date "2007.05.23"]
[Round "5"]
[White "Simone, Marco"]
[Black "Matamoros Franco, Carlos S."]
[Result "0-1"]
[WhiteElo "1885"]
[BlackElo "2523"]
[PlyCount "114"]
[EventDate "2007.05.19"]

1. e4 e6 2. d4 d5 3. Nc3 Bb4 4. e5 Ne7 5. Qg4 c5 6. a3 Bxc3+ 7. bxc3 Qc7 8. Bd3
c4 9. Be2 Nf5 10. Nf3 Bd7 11. O-O Ba4 12. Ne1 Nc6 13. Qf4 Qa5 14. Bd2 O-O 15.
g4 Nfe7 16. g5 Nf5 17. Bg4 Nce7 18. Ra2 Ng6 19. Qf3 Nxd4 20. cxd4 Qxd2 21. Qe3
c3 22. Nf3 Qxe3 23. fxe3 Bb5 24. Rb1 Bc4 25. Raa1 b5 26. h4 a5 27. h5 Ne7 28.
Ne1 Kh8 29. Ng2 f5 30. exf6 gxf6 31. Nf4 e5 32. Ne6 Rg8 33. dxe5 fxe5 34. Kh2
d4 35. exd4 exd4 36. Nxd4 Rxg5 37. Kh3 Rag8 38. Rg1 Bf7 39. Nf3 Rxg4 40. Rxg4
Be6 41. Rag1 Nd5 42. Nd4 Bxg4+ 43. Rxg4 Rxg4 44. Kxg4 b4 45. axb4 Nxb4 46. Kf3
a4 47. Nb5 Nxc2 48. Nxc3 a3 49. Na2 Kg7 50. Ke2 Kh6 51. Kd3 Na1 52. Kd2 Kxh5
53. Kc1 Kg4 54. Kb1 h5 55. Nc3 Kf3 56. Nb5 h4 57. Nd4+ Kf2 0-1

[Event "I Festival Capo d'Orso"]
[Site "Portomannu - Palau ITA"]
[Date "2007.05.23"]
[Round "5"]
[White "Venturino, Marco"]
[Black "Troiani, Carlo"]
[Result "1-0"]
[WhiteElo "2173"]
[BlackElo "1643"]
[PlyCount "67"]
[EventDate "2007.05.19"]

1. d4 d5 2. c4 Nf6 3. cxd5 Nxd5 4. Nf3 Bf5 5. Nbd2 Nd7 6. e4 Bxe4 7. Nxe4 e6 8.
Be2 Be7 9. O-O h6 10. Ne5 N7f6 11. Ng3 O-O 12. Nh5 Rc8 13. Nxf6+ Bxf6 14. Ng4
Be7 15. Ne3 c5 16. Nxd5 Qxd5 17. dxc5 Qxd1 18. Rxd1 Bxc5 19. Bf4 Bb6 20. Rac1
Rxc1 21. Rxc1 Rd8 22. Kf1 a6 23. Bf3 Rd7 24. Rc8+ Kh7 25. Rb8 Ba7 26. Rxb7 Rxb7
27. Bxb7 a5 28. Bc7 a4 29. Bc6 Bd4 30. Bxa4 Bxb2 31. Bc2+ Kg8 32. a4 Kf8 33. a5
Bd4 34. h3 1-0

[Event "I Festival Capo d'Orso"]
[Site "Portomannu - Palau ITA"]
[Date "2007.05.23"]
[Round "5"]
[White "Zoldan, Matteo"]
[Black "Marin, Irina Luiza"]
[Result "0-1"]
[WhiteElo "2121"]
[BlackElo "2166"]
[PlyCount "88"]
[EventDate "2007.05.19"]

1. e4 d6 2. d4 Nf6 3. Nc3 g6 4. Be3 c6 5. Qd2 Nbd7 6. Nf3 e5 7. h3 Qe7 8. dxe5
dxe5 9. Bd3 Bg7 10. O-O O-O 11. Bh6 b5 12. Bxg7 Kxg7 13. a4 b4 14. Ne2 a5 15.
Ng3 h6 16. Qe3 Nc5 17. Bc4 Nfd7 18. Rfd1 Nb6 19. Bb3 Ba6 20. Nh4 Bc8 21. Nf3
Ra7 22. Rd2 Rd7 23. Rxd7 Bxd7 24. Nd2 Rd8 25. Ngf1 Bc8 26. Nf3 Qd6 27. N1d2 Ba6
28. h4 Qe7 29. h5 g5 30. Nf1 Bxf1 31. Kxf1 Qd6 32. g3 Nbd7 33. Nxg5 Nxb3 34.
cxb3 Nc5 35. Nf3 Qd3+ 36. Qxd3 Rxd3 37. Nxe5 Rxb3 38. Nxc6 Rxb2 39. Nxa5 Nxe4
40. Nc6 b3 41. a5 Ra2 42. Re1 b2 43. Nd4 Ra1 44. Nc2 Rxe1+ 0-1

[Event "I Festival Capo d'Orso"]
[Site "Portomannu - Palau ITA"]
[Date "2007.05.23"]
[Round "6"]
[White "Adrian, Claude"]
[Black "Jones, Alessandro"]
[Result "1-0"]
[WhiteElo "2280"]
[BlackElo "1962"]
[PlyCount "33"]
[EventDate "2007.05.19"]

1. Nf3 Nf6 2. c4 c6 3. d4 d5 4. Nc3 e6 5. g3 Nbd7 6. Bg2 Bd6 7. O-O O-O 8. Nd2
dxc4 9. Nxc4 Bc7 10. Bf4 Bxf4 11. gxf4 Qc7 12. e3 b6 13. Rc1 Ba6 14. Qa4 Bb7
15. Ne5 Nxe5 16. fxe5 Nd7 17. Nb5 1-0

[Event "I Festival Capo d'Orso"]
[Site "Portomannu - Palau ITA"]
[Date "2007.05.23"]
[Round "6"]
[White "Baldi, Giancarlo"]
[Black "Rombaldoni, Axel"]
[Result "1/2-1/2"]
[WhiteElo "1678"]
[BlackElo "2221"]
[PlyCount "79"]
[EventDate "2007.05.19"]

1. Nf3 d5 2. d4 c6 3. e3 Bg4 4. Bd3 e6 5. Nbd2 f5 6. c3 Nf6 7. Qb3 Qc7 8. Ng5
Qd7 9. Nxe6 Qxe6 10. Qxb7 Qd7 11. Qxa8 Bd6 12. Ba6 O-O 13. Qb7 Qe8 14. Bd3 f4
15. Nf1 fxe3 16. Bxe3 Bc8 17. Qb3 Ng4 18. O-O-O Rxf2 19. Bxf2 Nxf2 20. Rg1 Bg4
21. Bxh7+ Kh8 22. Bc2 Nxd1 23. Bxd1 Bf4+ 24. Nd2 Qe3 25. Bxg4 Qxg1+ 26. Qd1
Qxg2 27. h3 Qe4 28. Qe2 Qg6 29. Bh5 Qg5 30. Bg4 Be3 31. Kd1 Kh7 32. Nf3 Qf4 33.
Qd3+ Kh6 34. Qf5 Qxf5 35. Bxf5 g6 36. Bg4 a5 37. Ne5 c5 38. dxc5 Bxc5 39. Nd7
Nxd7 40. Bxd7 1/2-1/2

[Event "I Festival Capo d'Orso"]
[Site "Portomannu - Palau ITA"]
[Date "2007.05.23"]
[Round "6"]
[White "Baracca, Paolo"]
[Black "Fierro Baquero, Martha Lorena"]
[Result "0-1"]
[WhiteElo "1894"]
[BlackElo "2339"]
[PlyCount "127"]
[EventDate "2007.05.19"]

1. d4 g6 2. c4 Bg7 3. Nc3 d6 4. Nf3 Nf6 5. e4 O-O 6. Be2 e5 7. O-O Nc6 8. d5
Ne7 9. b4 Nh5 10. Re1 f5 11. Ng5 Nf6 12. Bf3 Kh8 13. Rb1 h6 14. Ne6 Bxe6 15.
dxe6 fxe4 16. Nxe4 Qc8 17. Nc3 Qxe6 18. Bxb7 Rab8 19. Bd5 Nexd5 20. Nxd5 Nh5
21. Qc2 c6 22. Ne3 d5 23. c5 Rb7 24. f3 Rbf7 25. Ng4 Kh7 26. Bxh6 e4 27. Bxg7
Nxg7 28. h3 Rf4 29. Rbd1 Qf5 30. fxe4 dxe4 31. Qe2 Nh5 32. Kh2 Rf7 33. Rd8 Qg5
34. Re8 Qh4 35. Rxe4 Qg3+ 36. Kg1 Rxe4 37. Qxe4 Nf4 38. Kh1 Nxg2 39. Nf6+ Rxf6
40. Qe7+ Kh6 41. Qxf6 Nxe1 42. Qh8+ Kg5 43. Qd8+ Kh5 44. Qh8+ Kg5 45. Qd8+ Kf5
46. Qd7+ Kf6 47. Qxc6+ Kg7 48. Qd7+ Kh6 49. Qd2+ Kh5 50. Qd5+ Kh4 51. Qd4+ Kxh3
52. Qd7+ Kh4 53. Qh7+ Kg5 54. Qe7+ Kh6 55. Qf8+ Kh5 56. Qh8+ Kg4 57. Qd4+ Kf5
58. Qd5+ Qe5 59. Qd7+ Kf4 60. Qd2+ Kg4 61. Qd7+ Kf3 62. Qh3+ Ke4 63. Qg4+ Ke3
64. Qg1+ 0-1

[Event "I Festival Capo d'Orso"]
[Site "Portomannu - Palau ITA"]
[Date "2007.05.23"]
[Round "6"]
[White "Biedekoepper, Robert"]
[Black "Ortega, Lexy"]
[Result "0-1"]
[WhiteElo "2152"]
[BlackElo "2425"]
[PlyCount "72"]
[EventDate "2007.05.19"]

1. d4 d5 2. c4 c6 3. Nf3 e6 4. e3 Bd6 5. Nc3 f5 6. Ne5 Nf6 7. f4 O-O 8. Be2 b6
9. O-O Bb7 10. a3 a5 11. Bd2 Nbd7 12. Be1 c5 13. Bh4 Be7 14. Qb3 Rb8 15. Rad1
cxd4 16. exd4 Ne4 17. Bxe7 Qxe7 18. cxd5 Nxe5 19. fxe5 Nxc3 20. bxc3 Bxd5 21.
c4 Be4 22. Bf3 Bxf3 23. Rxf3 Rfd8 24. a4 Rbc8 25. h3 Qb4 26. Rc3 Qxb3 27. Rxb3
Rxc4 28. Rxb6 Rcxd4 29. Re1 Kf7 30. Rb7+ R8d7 31. Reb1 R4d5 32. Kf2 Rxb7 33.
Rxb7+ Kg6 34. Rb5 f4 35. Kf3 Kf5 36. Rb7 g5 0-1

[Event "I Festival Capo d'Orso"]
[Site "Portomannu - Palau ITA"]
[Date "2007.05.23"]
[Round "6"]
[White "Bitti, Sandro"]
[Black "Kekki, Petri"]
[Result "0-1"]
[WhiteElo "1719"]
[BlackElo "2366"]
[PlyCount "92"]
[EventDate "2007.05.19"]

1. d4 d5 2. Nf3 Nf6 3. c4 dxc4 4. Nc3 Nd5 5. e3 Nxc3 6. bxc3 b5 7. a4 c6 8.
axb5 cxb5 9. Ne5 Bb7 10. Nxf7 Kxf7 11. Qh5+ g6 12. Qxb5 Qc7 13. Bxc4+ e6 14.
Qb3 Bd6 15. Bxe6+ Kg7 16. d5 Na6 17. Bb2 Nc5 18. c4+ Be5 19. Bxe5+ Qxe5 20. Qa3
Rhf8 21. Rb1 Qc7 22. Qb2+ Rf6 23. O-O Ba6 24. Rfd1 Rd8 25. Rd4 g5 26. h4 h6 27.
Rg4 Nxe6 28. dxe6 Qc5 29. hxg5 hxg5 30. e7 Re8 31. Ra1 Bc8 32. Rg3 Rxe7 33. Rf3
Ref7 34. Rd1 Kg6 35. Qc2+ Bf5 36. e4 Be6 37. Rxf6+ Kxf6 38. Qc3+ Kg6 39. Rd2
Qxc4 40. Qxc4 Bxc4 41. Rd6+ Rf6 42. Rd7 a5 43. Rc7 Bd3 44. f3 a4 45. e5 Ra6 46.
Rc3 a3 0-1

[Event "I Festival Capo d'Orso"]
[Site "Portomannu - Palau ITA"]
[Date "2007.05.23"]
[Round "6"]
[White "Bondielli, Giorgio"]
[Black "Rowson, Jonathan"]
[Result "0-1"]
[WhiteElo "1987"]
[BlackElo "2594"]
[PlyCount "48"]
[EventDate "2007.05.19"]

1. e4 c5 2. d4 cxd4 3. c3 dxc3 4. Nxc3 Nc6 5. Nf3 d6 6. Bc4 a6 7. h3 Nf6 8. Qe2
e6 9. O-O b5 10. Bb3 Bb7 11. Rd1 Qb8 12. Bf4 Nd7 13. Rd2 Be7 14. Rad1 Nde5 15.
Bh2 O-O 16. Nd4 Nxd4 17. Rxd4 Qa7 18. Kh1 Rad8 19. Qd2 Qa8 20. Bc2 Nc4 21. Qc1
Bf6 22. R4d3 b4 23. b3 Ne5 24. Bxe5 Bxe5 0-1

[Event "I Festival Capo d'Orso"]
[Site "Portomannu - Palau ITA"]
[Date "2007.05.23"]
[Round "6"]
[White "Bruno, Fabio"]
[Black "Nickel, Arno"]
[Result "1-0"]
[WhiteElo "2428"]
[BlackElo "2101"]
[PlyCount "81"]
[EventDate "2007.05.19"]

1. Nf3 Nf6 2. c4 g6 3. b3 Bg7 4. Bb2 O-O 5. g3 d6 6. d4 Nbd7 7. Nc3 c5 8. Bg2
Rb8 9. O-O a6 10. dxc5 Nxc5 11. Nd4 Ne6 12. Rc1 Nxd4 13. Qxd4 Nd7 14. Qa7 Qb6
15. Qxb6 Nxb6 16. Ba3 Bg4 17. c5 dxc5 18. Bxc5 Rfc8 19. Bxb6 Bxc3 20. f3 Be6
21. Rfd1 Bb4 22. f4 Bd6 23. Kf2 h5 24. Ke3 f6 25. Ba7 Ra8 26. Bd4 Rxc1 27. Rxc1
Rc8 28. Ra1 Rb8 29. Bb6 Rc8 30. Kd3 Kf8 31. Bd4 Rc7 32. Bb6 Rc8 33. Bf3 Bf5+
34. Ke3 Rc3+ 35. Kf2 Bc8 36. Ba5 Rc2 37. Be4 Rc5 38. Bb4 f5 39. Bxc5 Bxc5+ 40.
e3 fxe4 41. Rc1 1-0

[Event "I Festival Capo d'Orso"]
[Site "Portomannu - Palau ITA"]
[Date "2007.05.23"]
[Round "6"]
[White "Carola, Paolo"]
[Black "Efimov, Igor"]
[Result "0-1"]
[WhiteElo "1960"]
[BlackElo "2433"]
[PlyCount "52"]
[EventDate "2007.05.19"]

1. e4 c5 2. Nf3 e6 3. d4 cxd4 4. Nxd4 Nf6 5. Nc3 Nc6 6. Ndb5 d6 7. Bg5 a6 8.
Bxf6 gxf6 9. Na3 b5 10. Nab1 Bb7 11. Nd2 h5 12. h4 Rc8 13. Nb3 Bh6 14. Be2 Ne5
15. Qd4 Nc4 16. O-O Bf4 17. Bxc4 Rxc4 18. Qa7 Qa8 19. Qxa8+ Bxa8 20. f3 b4 21.
Na4 Bc6 22. Na5 Rxc2 23. Nxc6 Rg8 24. Rfd1 Rgxg2+ 25. Kf1 Rcf2+ 26. Ke1 Bg3 0-1

[Event "I Festival Capo d'Orso"]
[Site "Portomannu - Palau ITA"]
[Date "2007.05.23"]
[Round "6"]
[White "Casale, Anania"]
[Black "Moos, Gerd Anton Ferdinand"]
[Result "0-1"]
[WhiteElo "1722"]
[BlackElo "2064"]
[PlyCount "98"]
[EventDate "2007.05.19"]

1. d4 Nf6 2. c4 e6 3. Nc3 Bb4 4. Qc2 O-O 5. Nf3 c5 6. e3 cxd4 7. exd4 Re8 8.
Bd3 b6 9. O-O Bb7 10. Ne4 Nxe4 11. Bxe4 Bxe4 12. Qxe4 d5 13. cxd5 Qxd5 14. Qxd5
exd5 15. Bf4 Nd7 16. a3 Bf8 17. Rac1 Rac8 18. h3 f6 19. h4 h5 20. b4 b5 21. Kh1
Kf7 22. Nd2 Nb6 23. f3 Rxc1 24. Rxc1 Nc4 25. Nb3 Re2 26. Bb8 Ra2 27. Bxa7 Rxa3
28. Na5 Bxb4 29. Nc6 Bd2 30. Rb1 Ra6 31. Rxb5 Rxc6 32. Rxd5 Bf4 33. Rd7+ Kg6
34. Bc5 Ne3 35. Kg1 Bg3 36. Re7 Ra6 37. Ra7 Rxa7 38. Bxa7 Nd5 39. Kf1 Kf5 40.
Ke2 Bxh4 41. Kd3 Ke6 42. Bb8 f5 43. g3 Be7 44. Be5 g6 45. Bg7 Bd6 46. f4 Nf6
47. Kc4 Ne4 48. d5+ Kd7 49. Be5 Nxg3 0-1

[Event "I Festival Capo d'Orso"]
[Site "Portomannu - Palau ITA"]
[Date "2007.05.23"]
[Round "6"]
[White "Ciampi, Vincenzo"]
[Black "Simone, Marco"]
[Result "0-1"]
[WhiteElo "2106"]
[BlackElo "1885"]
[PlyCount "124"]
[EventDate "2007.05.19"]

1. c4 g6 2. Nc3 Bg7 3. g3 c6 4. Bg2 d6 5. e4 e5 6. Nge2 Nf6 7. O-O Be6 8. d3
Qd7 9. f4 Bh3 10. f5 Bxg2 11. Kxg2 O-O 12. Ng1 d5 13. fxg6 fxg6 14. cxd5 cxd5
15. exd5 Na6 16. Nf3 Rae8 17. Qb3 Nc5 18. Qc4 Nxd3 19. d6+ Kh8 20. Qxd3 e4 21.
Nxe4 Nxe4 22. Be3 Qxd6 23. Qxd6 Nxd6 24. Bc5 Re2+ 25. Kg1 Rd8 26. Ng5 h6 27.
Nf3 b6 28. Ba3 Nc4 29. Rae1 Rde8 30. Rxe2 Rxe2 31. Rf2 Rxf2 32. Kxf2 Nxb2 33.
Nd2 Nd1+ 34. Kf3 Nc3 35. Bd6 Nxa2 36. Nb3 a5 37. Nd2 b5 38. Ke2 b4 39. Kd3 a4
40. Nb1 a3 41. Kc2 Bb2 42. Nd2 Kg7 43. Nc4 Bd4 44. Nd2 Kf6 45. Nb3 Bb2 46. Kb1
Nc3+ 47. Kc2 Nd5 48. Nd2 Ke6 49. Bf8 Bc3 50. Bxh6 Bxd2 51. Bxd2 Kf5 52. h3 Ke4
53. Kb3 Kf3 54. Be1 Ke2 55. Bxb4 Nxb4 56. Kxa3 Nc2+ 57. Kb3 Kf3 58. g4 Ne3 59.
g5 Kg3 60. Kc3 Kxh3 61. Kd4 Ng2 62. Ke5 Kg4 0-1

[Event "I Festival Capo d'Orso"]
[Site "Portomannu - Palau ITA"]
[Date "2007.05.23"]
[Round "6"]
[White "De Cristofano, Fabrizio"]
[Black "Busquets, Luis"]
[Result "0-1"]
[WhiteElo "1712"]
[BlackElo "2236"]
[PlyCount "56"]
[EventDate "2007.05.19"]

1. e4 c5 2. d4 cxd4 3. c3 Nf6 4. e5 Nd5 5. cxd4 d6 6. Bc4 Nb6 7. Qb3 Nxc4 8.
Qxc4 dxe5 9. dxe5 Nc6 10. Nf3 Bf5 11. Qb3 Qa5+ 12. Bd2 Qa6 13. Nc3 O-O-O 14.
Qb5 Qxb5 15. Nxb5 e6 16. a3 Be7 17. Rc1 Kb8 18. Bc3 Be4 19. Nbd4 Nxd4 20. Nxd4
Bxg2 21. Rg1 Be4 22. Rxg7 Bg6 23. Nxe6 Rde8 24. Nd4 Bf8 25. Rxg6 hxg6 26. e6
Rxh2 27. Nb5 Rxe6+ 28. Kd2 Bh6+ 0-1

[Event "I Festival Capo d'Orso"]
[Site "Portomannu - Palau ITA"]
[Date "2007.05.23"]
[Round "6"]
[White "Diotallevi, Maurizio"]
[Black "Marin, Mihail"]
[Result "0-1"]
[WhiteElo "2137"]
[BlackElo "2533"]
[PlyCount "76"]
[EventDate "2007.05.19"]

1. d4 Nf6 2. Bg5 e6 3. Nf3 h6 4. Bxf6 Qxf6 5. e4 d6 6. Nbd2 Nd7 7. c3 g6 8. Bd3
Bg7 9. Qe2 e5 10. dxe5 Nxe5 11. Nxe5 Qxe5 12. O-O Bd7 13. f4 Qe7 14. Rae1 O-O-O
15. Nf3 Rhe8 16. Bb5 c6 17. Bd3 Kb8 18. Qc2 g5 19. f5 g4 20. Nd4 Be5 21. Qf2
Qf6 22. Ne2 h5 23. Nf4 h4 24. Qd2 Qg5 25. Rd1 Bc8 26. Ne2 Qxd2 27. Rxd2 d5 28.
exd5 Rxd5 29. Nc1 Red8 30. Re2 f6 31. Bc4 Rd2 32. Nb3 Rd1 33. Ref2 Bxh2+ 34.
Kxh2 g3+ 35. Kh3 gxf2 36. Rxf2 Re8 37. Nc5 Re5 38. Ne6 Re4 0-1

[Event "I Festival Capo d'Orso"]
[Site "Portomannu - Palau ITA"]
[Date "2007.05.23"]
[Round "6"]
[White "Doggers, Peter"]
[Black "Grosse Honebrink, Brigitte"]
[Result "1-0"]
[WhiteElo "2247"]
[BlackElo "1945"]
[PlyCount "77"]
[EventDate "2007.05.19"]

1. e4 c5 2. Nf3 Nc6 3. d4 cxd4 4. Nxd4 Nf6 5. Nc3 e5 6. Ndb5 h6 7. Nd6+ Bxd6 8.
Qxd6 Qe7 9. Qxe7+ Kxe7 10. Be3 d6 11. f3 Be6 12. O-O-O Rac8 13. Be2 Rhd8 14.
Kb1 d5 15. exd5 Nxd5 16. Bc5+ Ke8 17. Ne4 Nd4 18. Bd3 Rc7 19. Bd6 Rcc8 20. Bxe5
Nf5 21. g4 Nfe3 22. Rde1 Kf8 23. Rhg1 Nc4 24. Bxc4 Rxc4 25. b3 Rc6 26. c4 Ne7
27. Rd1 Rxd1+ 28. Rxd1 Kg8 29. Rd8+ Kh7 30. h3 Nc8 31. Kb2 f5 32. Ng3 fxg4 33.
hxg4 Ne7 34. Nh5 Bf7 35. Nxg7 Ng6 36. Bc3 Rc7 37. Nh5 Nh4 38. f4 Kg6 39. Rd6+
1-0

[Event "I Festival Capo d'Orso"]
[Site "Portomannu - Palau ITA"]
[Date "2007.05.23"]
[Round "6"]
[White "Friedrich, Norbert"]
[Black "Antoniacci, Riccardo"]
[Result "1-0"]
[WhiteElo "2317"]
[BlackElo "1995"]
[PlyCount "87"]
[EventDate "2007.05.19"]

1. e4 e5 2. Nf3 Nc6 3. Bb5 a6 4. Ba4 Nf6 5. d4 exd4 6. O-O b5 7. Bb3 Nxe4 8.
Re1 d5 9. Nc3 Be6 10. Nxe4 dxe4 11. Rxe4 Be7 12. Bxe6 fxe6 13. Nxd4 Qd5 14. Qg4
O-O-O 15. Be3 Nxd4 16. Bxd4 Rhe8 17. Rae1 Bf6 18. c4 bxc4 19. Bxf6 gxf6 20.
Rxc4 Rg8 21. Qe4 Rg5 22. Qxd5 exd5 23. Rc6 d4 24. Rxa6 d3 25. Ra8+ Kd7 26.
Rxd8+ Kxd8 27. Rd1 Rd5 28. Kf1 c5 29. b3 Kc7 30. f3 Kb6 31. Kf2 Kb5 32. Ke3 c4
33. bxc4+ Kxc4 34. Rc1+ Kb4 35. Kd2 Rh5 36. h3 Ra5 37. Kxd3 Rxa2 38. Rc2 Ra8
39. Ke4 Rg8 40. Kf5 Kb3 41. Re2 Rg6 42. h4 Kc3 43. g4 Kd3 44. Re7 1-0

[Event "I Festival Capo d'Orso"]
[Site "Portomannu - Palau ITA"]
[Date "2007.05.23"]
[Round "6"]
[White "Grooten, Herman"]
[Black "Deruda, Leonardo"]
[Result "1-0"]
[WhiteElo "2392"]
[BlackElo "1794"]
[PlyCount "47"]
[EventDate "2007.05.19"]

1. d4 c5 2. d5 Nf6 3. c4 b5 4. cxb5 a6 5. b6 e6 6. Nc3 Nxd5 7. Nxd5 exd5 8.
Qxd5 Nc6 9. Nf3 Rb8 10. e4 Be7 11. Bc4 O-O 12. O-O Rxb6 13. b3 d6 14. Qh5 Be6
15. Bxe6 fxe6 16. Qg4 Kh8 17. Qxe6 Rxf3 18. gxf3 Nd4 19. Qh3 Bf6 20. Rb1 d5 21.
Kh1 Ne2 22. Re1 Nxc1 23. Rbxc1 Be5 24. Rxc5 1-0

[Event "I Festival Capo d'Orso"]
[Site "Portomannu - Palau ITA"]
[Date "2007.05.23"]
[Round "6"]
[White "Marani, Luca"]
[Black "Calabrese, Antonino"]
[Result "1-0"]
[WhiteElo "1536"]
[BlackElo "1930"]
[PlyCount "59"]
[EventDate "2007.05.19"]

1. e4 e6 2. d4 d5 3. exd5 exd5 4. Nf3 Bd6 5. Bd3 Ne7 6. O-O O-O 7. b3 Bf5 8. c4
Bxd3 9. Qxd3 c6 10. Bg5 f6 11. Bd2 Qd7 12. Nc3 Bc7 13. Rfe1 Na6 14. Ne2 Rae8
15. Ng3 Bxg3 16. fxg3 Nf5 17. c5 Rxe1+ 18. Rxe1 Nc7 19. g4 Ne7 20. h3 Ng6 21.
Re2 Re8 22. g3 Rxe2 23. Qxe2 Qe6 24. Qd3 Ne7 25. Bf4 Ne8 26. Kf2 Ng6 27. Bd2
Kf7 28. Kg2 Nf8 29. Qf1 g6 30. Ng5+ 1-0

[Event "I Festival Capo d'Orso"]
[Site "Portomannu - Palau ITA"]
[Date "2007.05.23"]
[Round "6"]
[White "Matamoros Franco, Carlos S."]
[Black "Popa, Claudiu"]
[Result "1-0"]
[WhiteElo "2523"]
[BlackElo "2167"]
[PlyCount "57"]
[EventDate "2007.05.19"]

1. c4 e6 2. g3 d5 3. Bg2 Nf6 4. Nf3 c5 5. cxd5 exd5 6. d4 Nc6 7. O-O Be7 8. Nc3
O-O 9. Bg5 h6 10. Bxf6 Bxf6 11. dxc5 Be6 12. Qd2 Qe7 13. Nxd5 Bxd5 14. Qxd5
Bxb2 15. Rab1 Ba3 16. Nh4 Rfd8 17. Qf3 Bxc5 18. Nf5 Qf6 19. Rxb7 Rac8 20. Bh3
Ne5 21. Qf4 Rc6 22. Qe4 Ng6 23. Ne3 Rcd6 24. Qc4 Bb6 25. Ng4 Qd4 26. Nxh6+ Kh7
27. Qxd4 Rxd4 28. Nxf7 Rf8 29. Ng5+ 1-0

[Event "I Festival Capo d'Orso"]
[Site "Portomannu - Palau ITA"]
[Date "2007.05.23"]
[Round "6"]
[White "Mazzariol, Oscar"]
[Black "Shytaj, Luca"]
[Result "0-1"]
[WhiteElo "2018"]
[BlackElo "2451"]
[PlyCount "70"]
[EventDate "2007.05.19"]

1. d4 Nf6 2. c4 c5 3. d5 b5 4. cxb5 a6 5. f3 g6 6. e4 Bg7 7. e5 Ng8 8. d6 Bb7
9. bxa6 Nxa6 10. Qb3 Rb8 11. a3 Bxe5 12. Bc4 Bd5 13. Qd3 Bxc4 14. Qxc4 Qb6 15.
dxe7 Bxb2 16. Bxb2 Qxb2 17. Qc3 Nxe7 18. Ne2 O-O 19. O-O Qxe2 20. Re1 Nd5 21.
Rxe2 Rxb1+ 22. Qe1 Rxe1+ 23. Raxe1 Nac7 24. Rd2 Nf6 25. Rd6 Kg7 26. Rc1 Ne6 27.
g4 Ra8 28. Rc3 g5 29. Kf2 Kf8 30. Kg3 Ke7 31. Rd1 Ra4 32. h4 h6 33. hxg5 hxg5
34. Re1 d5 35. Rxc5 Ne4+ 0-1

[Event "I Festival Capo d'Orso"]
[Site "Portomannu - Palau ITA"]
[Date "2007.05.23"]
[Round "6"]
[White "Orlov, Andrey"]
[Black "Dehmel, Jens"]
[Result "1-0"]
[WhiteElo "2447"]
[BlackElo "2107"]
[PlyCount "31"]
[EventDate "2007.05.19"]

1. e4 e5 2. Nf3 Nc6 3. Bc4 Bc5 4. O-O Nf6 5. d4 Bxd4 6. Nxd4 Nxd4 7. Bg5 d6 8.
f4 Be6 9. Na3 Qe7 10. c3 Bxc4 11. Nxc4 Ne6 12. Bxf6 gxf6 13. Ne3 c6 14. Nf5 Qd7
15. Nxd6+ Kf8 16. fxe5 1-0

[Event "I Festival Capo d'Orso"]
[Site "Portomannu - Palau ITA"]
[Date "2007.05.23"]
[Round "6"]
[White "Pedroni, Marco"]
[Black "Caruana, Fabiano"]
[Result "0-1"]
[WhiteElo "1530"]
[BlackElo "2513"]
[PlyCount "28"]
[EventDate "2007.05.19"]

1. e4 c5 2. Nf3 e6 3. d4 cxd4 4. Nxd4 a6 5. Nc3 Qc7 6. Be2 Nf6 7. Be3 Bb4 8.
Qd3 Nxe4 9. Qxe4 Bxc3+ 10. Bd2 Bxd2+ 11. Kxd2 Nc6 12. Rad1 d5 13. Qh4 g5 14.
Nxe6 Qa5+ 0-1

[Event "I Festival Capo d'Orso"]
[Site "Portomannu - Palau ITA"]
[Date "2007.05.23"]
[Round "6"]
[White "Potyavin, Igor"]
[Black "Djuric, Stefan"]
[Result "0-1"]
[WhiteElo "2046"]
[BlackElo "2460"]
[PlyCount "68"]
[EventDate "2007.05.19"]

1. d4 c5 2. d5 Nf6 3. c4 g6 4. Nc3 d6 5. e4 Bg7 6. Be2 O-O 7. Nf3 e5 8. Nd2 Ne8
9. O-O f5 10. Rb1 Nf6 11. a3 Bh6 12. b4 Na6 13. Rb3 Kh8 14. exf5 gxf5 15. Nf3
Ng8 16. h4 Bxc1 17. Qxc1 Qf6 18. Qg5 Bd7 19. Qxf6+ Nxf6 20. Ne1 Rac8 21. Nf3 h6
22. Nd2 e4 23. g3 Rg8 24. Kh2 Rg7 25. Rg1 b6 26. b5 Nc7 27. f4 exf3 28. Bxf3
Re8 29. Nd1 Rge7 30. a4 Ng4+ 31. Kg2 Re2+ 32. Bxe2 Rxe2+ 33. Kf1 Rxd2 34. Ne3
Nh2+ 0-1

[Event "I Festival Capo d'Orso"]
[Site "Portomannu - Palau ITA"]
[Date "2007.05.23"]
[Round "6"]
[White "Puzzoni, Christian"]
[Black "Aagaard, Jacob"]
[Result "0-1"]
[WhiteElo "2113"]
[BlackElo "2477"]
[PlyCount "84"]
[EventDate "2007.05.19"]

1. e4 c5 2. b4 cxb4 3. d4 d5 4. e5 Nc6 5. a3 Qb6 6. Ne2 Bf5 7. axb4 Nxb4 8. Na3
Rc8 9. Nf4 Nxc2+ 10. Nxc2 Bxc2 11. Nxd5 Qb3 12. Qf3 Qxf3 13. gxf3 e6 14. Bb5+
Kd8 15. Bg5+ f6 16. exf6 gxf6 17. Nxf6 h6 18. Nd7+ hxg5 19. Nxf8 Ke7 20. Nd7 a6
21. Nb6 Rd8 22. Ba4 Bf5 23. O-O Rh7 24. d5 exd5 25. Rfe1+ Kf6 26. Bb3 Ne7 27.
Rac1 Rd6 28. Na4 Ng6 29. Nc3 Nf4 30. Rcd1 Rc7 31. Ne4+ Bxe4 32. fxe4 Re7 33. f3
d4 34. Kf2 Ke5 35. Rh1 Rc7 36. h4 Rb6 37. Rb1 Rc3 38. Ba4 Rxb1 39. Rxb1 Ra3 40.
Bd7 Ra2+ 41. Kg1 gxh4 42. Bc8 h3 0-1